000
00371nam a2200133Ia 4500
008
151001s9999||||xx |||||||||||||| ||und||
100
_a
नर्मदा इंदूरखा
245
_a
पर्यावरण शिक्षा
250
_a
1
260
_b
संतोष साहित्य
260
_c
2007
300
_a
64
365
_b
22
999
_c
990304
_d
990301